| 000 | 00505nam a2200193 a 4500 | ||
|---|---|---|---|
| 005 | 20140310183504.0 | ||
| 008 | 100809s19uu xx 00 eng d | ||
| 020 | _a9780230008885 | ||
| 050 |
_aHM 623 _b.C968 2010 |
||
| 245 | _aCulture & psychological development / | ||
| 260 |
_aLondon : _bPalgrave, _c2010. |
||
| 300 |
_a327 p. : _bill. ; _c22 cm. |
||
| 521 | _aPSYCH | ||
| 650 | _aCulture. | ||
| 650 | _aEthnopsychology. | ||
| 700 | _aEmpson, Janet M. | ||
| 942 |
_cBK _2lcc _kFOR |
||
| 999 |
_c24010 _d24010 |
||